El management según Maslow: una visión humanista para la empresa de hoy
Kaydedildi:
| Asıl Yazarlar: | , , |
|---|---|
| Materyal Türü: | Kitap |
| Dil: | İspanyolca |
| Baskı/Yayın Bilgisi: |
Barcelona
Paidós
2005
|
| Edisyon: | 1a. ed |
| Seri Bilgileri: | Empresa, 103
|
| Konular: | |
| Etiketler: |
Etiketle
Etiket eklenmemiş, İlk siz ekleyin!
|
MARC
| LEADER | 00000cam a2200000 a 4500 | ||
|---|---|---|---|
| 001 | UCD6886 | ||
| 003 | CL-VaPUC | ||
| 008 | 170303e20050000sp |||||||||||||||||spa|d | ||
| 020 | |a 8449316987 | ||
| 082 | 0 | 4 | |a 658.4 |b MAS |2 21 |
| 100 | |a Maslow, Abraham Harold |e autor |9 335925 | ||
| 700 | 0 | |a Stephens, Deborah C |e author |9 590751 | |
| 700 | 0 | |a Heil, Gary |e author |9 590752 | |
| 245 | 1 | 3 | |a El management según Maslow: una visión humanista para la empresa de hoy |
| 250 | |a 1a. ed | ||
| 300 | |a 348 p | ||
| 942 | |c BK | ||
| 945 | |d 20170303 17:35:00 |a dcastane | ||
| 260 | |a Barcelona |b Paidós |c 2005 | ||
| 650 | 7 | |a MANAGEMENT |2 CL-VaPUC |9 471620 | |
| 650 | 0 | |a Administración de empresas |9 260833 | |
| 650 | 0 | |a Planificación estratégica |9 259735 | |
| 650 | 0 | |a Liderazgo |9 271835 | |
| 583 | |a last modification |c 20170303 17:35:00 |k Rodrigo Vera | ||
| 490 | 0 | |a Empresa, 103 | |
| 999 | |c 367063 |d 367061 | ||
| 952 | |0 0 |1 0 |3 erb |4 0 |6 658_400000000000000_MAS_2005 |7 0 |8 A |9 481746 |a BIBENE |b BIBENE |i 5328969 |l 2 |o 658.4 MAS 2005 |p 5328969 |r 2025-01-15 |s 2024-05-06 |w 2019-11-24 |y BK |z Catalogado en:20170303 |k ICO | ||